The evening star

Bibliographic Details
Main Author: Mcmurtry, Larry
Format: Book
Published: New York : Simon & Schuster , 1992
Subjects:

MARC

LEADER 00000cam a2200000 7i4500
001 0000002031
002 000002217
005 20000330.0
020 |a 0671685198 
090 0 0 |a F   |b MCM 
100 1 |a Mcmurtry, Larry 
245 1 4 |a The evening star   |c Larry Mcmurtry 
260 |a New York :   |b Simon & Schuster ,   |c 1992 
300 |a 637p. ;   |c 24cm. 
650 0 0 |a Romance fiction 
999 |a 035339   |b BUKU   |c PINJAMAN   |e PERPUSTAKAAN KOMUNITI PETALING JAYA 
999 |a 035340   |b BUKU   |c PINJAMAN   |e PERPUSTAKAAN KOMUNITI PETALING JAYA 
999 |a 035341   |b BUKU   |c PINJAMAN   |e PERPUSTAKAAN KOMUNITI PETALING JAYA